| 000 | 00632nam a2200229 a 4500 | ||
|---|---|---|---|
| 999 |
_c1854 _d1854 |
||
| 001 | 1854 | ||
| 003 | BD-JhCC | ||
| 005 | 20171025124052.0 | ||
| 008 | 171025s2010 bg |||| ||a| 001 0 eng d | ||
| 020 | _a9789848815137 | ||
| 035 | _a(BD-JhCC) 1854 | ||
| 040 |
_aBD-JhCC _dBD-JhCC |
||
| 041 | _aeng | ||
| 082 |
_a307.72095492 _bMUD 2010 |
||
| 100 | _aMudahar, Mohinder S. | ||
| 245 |
_aGovernment and Rural Transformation / _cMohinder S. Mudahar |
||
| 260 |
_aDhka : _bThe University Press limited , _c2010 |
||
| 300 |
_a389 p .: _c22 cm . |
||
| 650 | _aRural development, Government policy | ||
| 942 |
_2ddc _cBK |
||